004060000a220013300045000410008000000820020000082450085000282600054001133000012001670010005001793360027001843370033002113380028002440 aENG04aG 287.092 R782c10aThe corn of wheat : The life story of Clara Leffingwell / Helen J. Root, Editor aWinona Lake, IN.,USA : Woman's Missionary Society a105 Pag8834 atextobtxt2rdacontent 2rdamediaasin mediaciónbn 2rdacarrieravolumenbnc